000 00606nam a2200193Ia 4500
003 BUBTL
008 151213s9999 xx 000 0 und d
082 _a345.05/ M6972c/
100 _aMitra, B. B.
_95287
245 _aThe Code of Criminal Procedure
_cB. B. Mitra, P. K. Mukherjee and Sudhindra Kumar Palit
250 _a13th edn.
260 _aCalcatta
_bEestern Law House
300 _a1018 p. :
_b21 cm.
650 _aLaw
700 _aB. B. Mitra, P. K. Mukherjee and Sudhindra Kumar Palit
_95289
856 _k0
_l0
_yDownload
942 _2ddc
_cBK
999 _c1975
_d1975